| 000 | 01205nam0a22002651 4500 | ||
|---|---|---|---|
| 001 | rc\3233298 | ||
| 005 | 20260407064246.0 | ||
| 021 |
_aRU _bРг8134-71 |
||
| 021 |
_aRU _b71-4582 |
||
| 035 | _a(NLR Aleph) 007371427 | ||
| 090 |
_a6412232 _c6412232 |
||
| 100 | _a20130115d1970 |||y0rusy50 ca | ||
| 101 | 0 | _arus | |
| 102 | _aRU | ||
| 105 | _aa z ||||| | ||
| 200 | 1 |
_aЭксплуатация энергетических установок _eСборник статей по обмену опытом _f[Ред. коллегия: Храпунов С.С. (пред.)] [и др.] _gРайон. энергет. упр. "Оренбургэнерго". Науч.-техн. о-во энергетики и электротехн. пром-сти. Оренб. правл. |
|
| 210 |
_aОренбург _cЮж.-Уральское кн. изд-во _d1970 |
||
| 215 |
_a67 с. _cил. _d20 |
||
| 702 | 1 |
_aХрапунов _bС.С. _4340 |
|
| 712 | 0 | 2 |
_aОренбургское районное управление энергетического хозяйства _3RU\NLR\AUTH\8810031650 _9561908 |
| 801 | 0 |
_aRU _bNLR _gpsbo |
|
| 801 | 1 |
_aRU _bELAR _2rusmarc |
|
| 852 |
_aNLR _j71-4/12473 |
||
| 942 | _cBOOK | ||
| 980 | _aNB | ||